[Event "Open Section"]
[Site "Philadelphia, PA"]
[Date "2001.07.08"]
[Round "9"]
[White "Dunne, Alex"]
[Black "Beckman, Thomas J"]
[Result "1/2-1/2"]
[WhiteElo "2275"]
[BlackElo "2082"]
[PlyCount "59"]
[EventDate "2001.07"]

1. e4 e6 2. d4 d5 3. Nc3 Bb4 4. e5 c5 5. a3 Bxc3+ 6. bxc3 Ne7 7. Nf3 Bd7 8. a4
Nbc6 9. Bd3 Qa5 10. O-O c4 11. Be2 f6 12. Qd2 O-O 13. Ba3 Rf7 14. Rfb1 b6 15.
exf6 gxf6 16. Nh4 Rg7 17. f4 Rd8 18. Qe3 Qa6 19. Kh1 Ng6 20. Nxg6 hxg6 21. Bg4
Qc8 22. Re1 Re8 23. Bd6 Nd8 24. a5 Nf7 25. Bb4 Nh6 26. Bh3 Nf5 27. Qf2 b5 28.
g4 Ne7 29. Qh4 g5 30. Qg3 1/2-1/2

[Event "Open Section"]
[Site "Philadelphia, PA"]
[Date "2001.07.08"]
[Round "9"]
[White "Enkin, Max"]
[Black "Vyas, Samir"]
[Result "1/2-1/2"]
[WhiteElo "2020"]
[BlackElo "2215"]
[PlyCount "91"]
[EventDate "2001.07"]

1. e4 c5 2. Nf3 d6 3. d4 cxd4 4. Nxd4 Nf6 5. Nc3 g6 6. f4 Nbd7 7. Be2 Bg7 8.
Be3 O-O 9. O-O a6 10. a4 Qc7 11. a5 b5 12. axb6 Nxb6 13. Nb3 Bb7 14. Bd3 Nc4
15. Bxc4 Qxc4 16. Na5 Qc7 17. Nxb7 Qxb7 18. Qd3 Ng4 19. Bd4 Rfc8 20. Bxg7 Kxg7
21. Qd4+ e5 22. fxe5 dxe5 23. Qd5 Qxb2 24. Qxf7+ Kh8 25. h3 Qxc3 26. hxg4 Qc5+
27. Kh2 Qc6 28. Qf6+ Qxf6 29. Rxf6 Rxc2 30. Raxa6 Rxa6 31. Rxa6 Rc4 32. Ra7
Rxe4 33. Kg3 Rd4 34. Re7 Rd3+ 35. Kf2 Rd5 36. Kf3 Rb5 37. Ke4 Rb4+ 38. Kf3 Rb3+
39. Kf2 Rb5 40. Kf3 Ra5 41. g5 e4+ 42. Kf4 Rf5+ 43. Kg4 Rf2 44. g3 Re2 45. Kf4
Rf2+ 46. Kg4 1/2-1/2

[Event "Open Section"]
[Site "Philadelphia, PA"]
[Date "2001.07.08"]
[Round "9"]
[White "Gaprindishvili, Valerian"]
[Black "Formanek, Edward W"]
[Result "1-0"]
[WhiteElo "2473"]
[BlackElo "2349"]
[PlyCount "105"]
[EventDate "2001.07"]

1. d4 d5 2. c4 c6 3. Nf3 Nf6 4. e3 Bf5 5. Nc3 e6 6. Nh4 Bg4 7. Qb3 Qb6 8. h3
Bh5 9. g4 Bg6 10. Nxg6 hxg6 11. Bg2 Nbd7 12. Bd2 a6 13. O-O-O Qxb3 14. axb3 Nb6
15. g5 Ng8 16. c5 Nc8 17. f3 Be7 18. h4 Bd8 19. e4 Bc7 20. Kc2 Nce7 21. exd5
exd5 22. Bh3 Kf8 23. Bg4 Re8 24. Kd3 Nf5 25. Bxf5 gxf5 26. h5 Re6 27. Ne2 Ke8
28. Rh4 f6 29. g6 Kd7 30. Rg1 Re7 31. b4 Re8 32. h6 gxh6 33. Bf4 Re7 34. Bxc7
Kxc7 35. Rh5 Rg7 36. Nf4 Kd7 37. Rxf5 Re7 38. Nh5 Re6 39. b3 Kc7 40. Nf4 Re7
41. Rh5 Kd7 42. Ne2 Rg7 43. f4 Ne7 44. f5 Re8 45. Nf4 Ng8 46. Ne6 Rxe6 47.
fxe6+ Kxe6 48. Ke3 Ke7 49. Kf4 Kf8 50. Rh3 Rc7 51. Re3 Kg7 52. Kf5 h5 53. Rh3
1-0

[Event "Open Section"]
[Site "Philadelphia, PA"]
[Date "2001.07.08"]
[Round "9"]
[White "Gilruth, Peter"]
[Black "Solomon, Kenneth"]
[Result "0-1"]
[WhiteElo "2313"]
[BlackElo "2390"]
[PlyCount "130"]
[EventDate "2001.07"]

1. c4 c5 2. Nf3 Nf6 3. Nc3 g6 4. d4 cxd4 5. Nxd4 Bg7 6. e4 d6 7. Be2 O-O 8. O-O
a6 9. Be3 Bd7 10. f3 Nc6 11. Qd2 Re8 12. Rfd1 Rb8 13. Rac1 Nxd4 14. Bxd4 Qa5
15. a3 Nh5 16. Nd5 Qxd2 17. Rxd2 Bh6 18. Be3 Bxe3+ 19. Nxe3 Nf4 20. Bf1 Red8
21. Nd5 Nxd5 22. cxd5 g5 23. Rc7 Kg7 24. Kf2 Kf6 25. Ke3 e6 26. Kd4 h6 27. Rdc2
h5 28. g3 exd5 29. exd5 a5 30. Bd3 h4 31. b4 axb4 32. axb4 Ba4 33. Ra2 Bd7 34.
Rac2 Be8 35. Re2 Bd7 36. Ra2 Bc8 37. b5 b6 38. Raa7 Rf8 39. Rc6 Rd8 40. Rcc7
Rf8 41. gxh4 gxh4 42. f4 h3 43. Ke3 Bg4 44. Rc6 Rfe8+ 45. Kf2 Rbd8 46. Rxb6 Bf5
47. Be2 Re4 48. Kf3 Rb4 49. Raa6 Rb3+ 50. Kf2 Rb2 51. Kf1 Re8 52. Rxd6+ Kg7 53.
Rf6 Bc8 54. Bc4 Bxa6 55. Rxa6 Re4 56. Rc6 Rxh2 57. b6 Rb2 58. Bd3 Rxf4+ 59. Kg1
h2+ 60. Kh1 Rd4 61. Rc3 Rxd5 62. b7 Rxb7 63. Kxh2 Rg5 64. Be4 Rb4 65. Bf3 Rh4#
0-1

[Event "Open Section"]
[Site "Philadelphia, PA"]
[Date "2001.07.08"]
[Round "9"]
[White "Groberman, Elina"]
[Black "Kelleher, Jeff"]
[Result "1-0"]
[WhiteElo "2157"]
[BlackElo "1942"]
[PlyCount "91"]
[EventDate "2001.07"]

1. e4 e5 2. Nf3 Nc6 3. Bc4 Bc5 4. c3 Nf6 5. d3 O-O 6. O-O d6 7. Nbd2 Be6 8. b4
Bb6 9. Bb3 a6 10. Nc4 Ba7 11. Bg5 Ne7 12. Ne3 Ng6 13. Nh4 Qd7 14. Bxf6 gxf6 15.
Nhf5 Kh8 16. Qh5 Rg8 17. g3 Bxb3 18. axb3 Nf4 19. Qd1 d5 20. Kh1 Bxe3 21. fxe3
Ne6 22. exd5 Qxd5+ 23. e4 Qd7 24. Ne3 Rg6 25. Nd5 Qd8 26. Qe2 c6 27. Ne3 Qd7
28. Rad1 Rd8 29. Rf3 Qe7 30. Nf5 Qf8 31. Nh4 Rh6 32. Rdf1 c5 33. Rxf6 Rxf6 34.
Rxf6 cxb4 35. Qh5 Qg8 36. Qxe5 Qg5 37. Rxe6+ Qxe5 38. Rxe5 bxc3 39. Rc5 Rxd3
40. Nf5 h5 41. Kg2 c2 42. Rxc2 Rxb3 43. Rc7 f6 44. Nd6 Rb2+ 45. Kh3 b5 46. Ra7
1-0

[Event "Open Section"]
[Site "Philadelphia, PA"]
[Date "2001.07.08"]
[Round "9"]
[White "Hajenius, Willem D"]
[Black "Rehle, Thomas"]
[Result "1/2-1/2"]
[WhiteElo "2142"]
[BlackElo "1958"]
[PlyCount "64"]
[EventDate "2001.07"]

1. d4 Nf6 2. c4 e6 3. Nc3 Bb4 4. Bg5 O-O 5. e3 d5 6. Nf3 Nbd7 7. cxd5 exd5 8.
Bd3 c6 9. O-O Re8 10. Rc1 Bd6 11. e4 dxe4 12. Nxe4 Be7 13. Ng3 h6 14. Be3 Nd5
15. Bb1 N7f6 16. Ne5 Bd6 17. Nc4 Bxg3 18. hxg3 Nxe3 19. Nxe3 Be6 20. b3 Bd5 21.
Qd2 Be4 22. f3 Bxb1 23. Rxb1 Qd7 24. Rbd1 Rad8 25. Qf2 Nd5 26. Ng4 f6 27. Rfe1
Rxe1+ 28. Rxe1 h5 29. Ne3 Nxe3 30. Rxe3 Qxd4 31. Re8+ Kf7 32. Rxd8 Qxd8 1/2-1/2

[Event "Open Section"]
[Site "Philadelphia, PA"]
[Date "2001.07.08"]
[Round "9"]
[White "Hodgson, Julian"]
[Black "Gruenfeld, Yehuda"]
[Result "1/2-1/2"]
[WhiteElo "2663"]
[BlackElo "2618"]
[PlyCount "76"]
[EventDate "2001.07"]

1. d4 d5 2. Bg5 h6 3. Bh4 c6 4. Nf3 Qb6 5. Qc1 Bf5 6. c4 e6 7. Nc3 Be7 8. Bg3
Nf6 9. c5 Qd8 10. e3 O-O 11. b4 Nbd7 12. Be2 Nh5 13. Be5 Nhf6 14. Bf4 Nh5 15.
Bxh6 gxh6 16. g4 Bh7 17. gxh5 Kh8 18. Qd2 a5 19. b5 e5 20. bxc6 bxc6 21. Nxe5
Nxe5 22. dxe5 Bxc5 23. Bd3 Bxd3 24. Qxd3 Qh4 25. Ne2 Qxh5 26. a3 Qxe5 27. Rc1
Bd6 28. Rxc6 Rac8 29. Rxc8 Rxc8 30. Kf1 Qe4 31. Qxe4 dxe4 32. a4 Be5 33. Kg2
Rc4 34. Rd1 Rxa4 35. Rd5 f6 36. Rd7 Rc4 37. Ra7 a4 38. Nf4 Bxf4 1/2-1/2

[Event "Open Section"]
[Site "Philadelphia, PA"]
[Date "2001.07.08"]
[Round "9"]
[White "Karatekin, Taner"]
[Black "Boor, Carl B"]
[Result "1-0"]
[WhiteElo "2297"]
[BlackElo "2200"]
[PlyCount "55"]
[EventDate "2001.07"]

1. e4 d6 2. d4 Nf6 3. Nc3 g6 4. f4 Bg7 5. Nf3 c5 6. Be3 cxd4 7. Nxd4 Nbd7 8.
Bc4 O-O 9. O-O Nc5 10. Qf3 Ng4 11. f5 Nxe3 12. Qxe3 Nd7 13. Nd5 Ne5 14. Bb3 Bd7
15. c3 Rc8 16. Rad1 b5 17. Qg5 Re8 18. Nf4 Nc4 19. Qg3 e5 20. fxe6 fxe6 21.
Bxc4 Rxc4 22. Nf3 Qb6+ 23. Kh1 Rxe4 24. Ng5 Re5 25. Nxh7 Kxh7 26. Qxg6+ Kg8 27.
Nh5 Rxh5 28. Qf7+ 1-0

[Event "Open Section"]
[Site "Philadelphia, PA"]
[Date "2001.07.08"]
[Round "9"]
[White "Karklins, Andrew"]
[Black "Shahade, Jennifer"]
[Result "0-1"]
[WhiteElo "2418"]
[BlackElo "2336"]
[PlyCount "102"]
[EventDate "2001.07"]

1. e4 c5 2. Nf3 d6 3. d4 cxd4 4. Nxd4 Nf6 5. Nc3 g6 6. Bb5+ Bd7 7. Bxd7+ Nbxd7
8. Qe2 Bg7 9. Bd2 Rc8 10. O-O-O Nb6 11. f4 Nc4 12. Nb3 Nxd2 13. Rxd2 Nd7 14. e5
O-O 15. Rd3 Bh6 16. exd6 Bxf4+ 17. Kb1 exd6 18. Rhd1 Nb6 19. Nb5 Qe8 20. Qxe8
Rcxe8 21. g3 Bh6 22. Nxa7 Re2 23. h4 Nc4 24. Nb5 Rc8 25. N3d4 Rg2 26. b3 Ne3
27. R1d2 Rxg3 28. Nxd6 Rc7 29. Ne4 Rg1+ 30. Kb2 Re7 31. Nc3 Ng4 32. Rd1 Rxd1
33. Rxd1 Bg7 34. Ndb5 h5 35. b4 Re3 36. Rd8+ Kh7 37. Rd7 Nf2 38. Rxf7 Nd1+ 39.
Kc1 Nxc3 40. Kd2 Re2+ 41. Kd3 Rh2 42. Nxc3 Rh3+ 43. Kd2 Kg8 44. Rc7 Rxh4 45.
Rxb7 Rh2+ 46. Ne2 Bh6+ 47. Kd3 h4 48. Re7 h3 49. b5 Rh1 50. b6 Rb1 51. b7 h2
0-1

[Event "Open Section"]
[Site "Philadelphia, PA"]
[Date "2001.07.08"]
[Round "9"]
[White "Knecht, Mark E"]
[Black "Erturan, Ayvaz H"]
[Result "0-1"]
[WhiteElo "2092"]
[BlackElo "2221"]
[PlyCount "42"]
[EventDate "2001.07"]

1. d4 d5 2. Nf3 Nf6 3. e3 e6 4. Bd3 c5 5. b3 Nc6 6. O-O Be7 7. Bb2 O-O 8. Nbd2
b6 9. Ne5 Qc7 10. f4 cxd4 11. Nxc6 Qxc6 12. exd4 Ne4 13. Rf3 e5 14. f5 Nxd2 15.
Qxd2 e4 16. Bxe4 dxe4 17. d5 Qd6 18. Rg3 Bf6 19. Qh6 Bd4+ 20. Bxd4 Qxh6 21.
Bxg7 Qxg7 0-1

[Event "Open Section"]
[Site "Philadelphia, PA"]
[Date "2001.07.08"]
[Round "9"]
[White "Levine, Viktor S"]
[Black "Kececioglu, John D"]
[Result "1-0"]
[WhiteElo "2200"]
[BlackElo "1909"]
[PlyCount "81"]
[EventDate "2001.07"]

1. e4 e6 2. d4 d5 3. exd5 exd5 4. Nf3 Bd6 5. Bg5 Ne7 6. Bd3 f6 7. Bh4 Bg4 8. h3
Bf5 9. Nc3 c6 10. Ne2 Nd7 11. Bg3 Qc7 12. c3 Bxg3 13. Nxg3 Bxd3 14. Qxd3 Qf4
15. O-O Kf7 16. Rae1 Rae8 17. Re2 h5 18. Rfe1 g5 19. Qe3 Qd6 20. Qe6+ Qxe6 21.
Rxe6 h4 22. Nf1 Nf5 23. Rxe8 Rxe8 24. Rxe8 Kxe8 25. g3 hxg3 26. fxg3 Kf7 27.
Kf2 Nf8 28. Ne3 Kg6 29. a4 Nxe3 30. Kxe3 Kf5 31. Ne1 a5 32. Nd3 Ne6 33. Nc5
Nxc5 34. dxc5 Ke5 35. h4 gxh4 36. gxh4 f5 37. h5 f4+ 38. Kf3 Kf5 39. h6 Kg6 40.
Kxf4 Kxh6 41. Ke5 1-0

[Event "Open Section"]
[Site "Philadelphia, PA"]
[Date "2001.07.08"]
[Round "9"]
[White "Milisits, Ryan R"]
[Black "Gold, Paul M"]
[Result "0-1"]
[WhiteElo "2064"]
[BlackElo "2211"]
[PlyCount "82"]
[EventDate "2001.07"]

1. d4 Nf6 2. Nc3 d5 3. Nf3 g6 4. Bf4 Bg7 5. e3 c6 6. Be2 O-O 7. Ne5 Nfd7 8. Nd3
f6 9. h4 h6 10. g4 e5 11. dxe5 fxe5 12. Bg3 e4 13. Nf4 Ne5 14. Qd2 Qe8 15. g5
h5 16. O-O-O Bf5 17. Ng2 Nbd7 18. Ne1 b5 19. Bxe5 Nxe5 20. f4 Nc4 21. Bxc4 bxc4
22. Ne2 Rb8 23. c3 Rb6 24. Nc2 Qe7 25. Ng3 Bg4 26. Rdf1 Rfb8 27. Nb4 a5 28.
Nxc6 Rxc6 29. Qxd5+ Qe6 30. Qxe4 Qxe4 31. Nxe4 Bf5 32. Ng3 Bd3 33. Rf2 Rcb6 34.
e4 Bf8 35. Rhh2 Bc5 36. Rf3 Re8 37. e5 Rf8 38. Rd2 a4 39. Rfxd3 cxd3 40. Ne4
Rxf4 41. Nf6+ Rbxf6 0-1

[Event "Open Section"]
[Site "Philadelphia, PA"]
[Date "2001.07.08"]
[Round "9"]
[White "Nsubuga, Grace"]
[Black "De Fotis, Gary C"]
[Result "1/2-1/2"]
[WhiteElo "2364"]
[BlackElo "2200"]
[PlyCount "54"]
[EventDate "2001.07"]

1. e4 c5 2. Nf3 d6 3. Be2 Nf6 4. c3 g6 5. O-O Bg7 6. Re1 O-O 7. Bf1 Bg4 8. d3
Nc6 9. Nbd2 Rb8 10. h3 Bd7 11. d4 cxd4 12. cxd4 a5 13. a3 Ne8 14. Nc4 b5 15.
Ne3 e6 16. d5 Ne5 17. Nxe5 Bxe5 18. Ng4 Bg7 19. Bh6 exd5 20. Bxg7 Bxg4 21. hxg4
Kxg7 22. Qxd5 Nf6 23. Qd4 Qb6 24. Rad1 Qxd4 25. Rxd4 Nxg4 26. Rxd6 Rfc8 27. f3
Ne5 1/2-1/2

[Event "Open Section"]
[Site "Philadelphia, PA"]
[Date "2001.07.08"]
[Round "9"]
[White "Olsen, Robert"]
[Black "Filatov, Leonid"]
[Result "0-1"]
[WhiteElo "2033"]
[BlackElo "2281"]
[PlyCount "120"]
[EventDate "2001.07"]

1. d4 d5 2. c4 Bf5 3. Nc3 e6 4. Nf3 c6 5. e3 Nf6 6. Be2 h6 7. O-O Nbd7 8. b3
Bd6 9. Bb2 O-O 10. h3 Qe7 11. Bd3 Bxd3 12. Qxd3 dxc4 13. bxc4 e5 14. dxe5 Nxe5
15. Nxe5 Bxe5 16. Qe2 Rad8 17. Rfd1 Qb4 18. Rdc1 Rd7 19. Rc2 Rfd8 20. Nd5 Qd6
21. Bxe5 Qxe5 22. Nxf6+ Qxf6 23. Rb1 b6 24. Rbc1 Rd3 25. g3 Qe5 26. Qf3 c5 27.
h4 g6 28. Kg2 Kg7 29. Kg1 R8d7 30. Kg2 f5 31. Kg1 Qd6 32. Kg2 Re7 33. Kg1 Re4
34. Qe2 Kf6 35. Kg2 Re7 36. Qf3 Rd7 37. Rb1 Qe5 38. Rbc1 Qe4 39. Qxe4 fxe4 40.
Kf1 Ke5 41. Ke2 R7d6 42. Rb1 Kf5 43. Rbc1 Kg4 44. Rh1 Ra3 45. Rhc1 Rdd3 46. Rh1
Kf5 47. Rhc1 g5 48. hxg5 hxg5 49. Rh1 Rdc3 50. Rhc1 Rxa2 51. Rxa2 Rxc1 52. Rxa7
Rxc4 53. Rf7+ Ke6 54. Rg7 Kf6 55. Rb7 Rb4 56. Kd2 Rb2+ 57. Kc3 Rb4 58. Rb8 Kf5
59. Rf8+ Kg4 60. Rf6 Kh3 0-1

[Event "Open Section"]
[Site "Philadelphia, PA"]
[Date "2001.07.08"]
[Round "9"]
[White "Palos, Osman"]
[Black "Kaufman, Lawrence"]
[Result "1-0"]
[WhiteElo "2349"]
[BlackElo "2461"]
[PlyCount "75"]
[EventDate "2001.07"]

1. c4 e6 2. Qa4 Nf6 3. Nc3 c5 4. Nf3 Nc6 5. e3 d6 6. d4 Bd7 7. Qd1 cxd4 8. exd4
Rc8 9. Bd3 Be7 10. O-O O-O 11. Be3 e5 12. d5 Na5 13. Nd2 Ng4 14. Bxa7 b6 15.
Na4 Bxa4 16. Qxa4 Qc7 17. b4 e4 18. Bxe4 Nxc4 19. Nxc4 Qxc4 20. Bf5 Ra8 21. Qd7
Nh6 22. Bxb6 Bf6 23. Rab1 Qxd5 24. Bh3 Rxa2 25. b5 Rb2 26. Rxb2 Bxb2 27. Qc6
Qe5 28. Bc7 Ba3 29. b6 Bc5 30. b7 Ba7 31. Bxd6 Qf6 32. Qc7 Re8 33. g3 Nf5 34.
Bxf5 Qxf5 35. Qc6 Qe6 36. Rc1 h5 37. Qxe8+ Qxe8 38. Rc8 1-0

[Event "Open Section"]
[Site "Philadelphia, PA"]
[Date "2001.07.08"]
[Round "9"]
[White "Price, Richard G"]
[Black "Mc Carthy, Brian"]
[Result "0-1"]
[WhiteElo "2132"]
[BlackElo "2259"]
[PlyCount "70"]
[EventDate "2001.07"]

1. e4 c5 2. Nf3 a6 3. c4 e6 4. Nc3 d6 5. d4 cxd4 6. Nxd4 Nf6 7. Be2 Qc7 8. O-O
b6 9. Re1 Bb7 10. Bf1 Be7 11. Bg5 Nbd7 12. Rc1 O-O 13. f4 h6 14. Bxf6 Bxf6 15.
Nf3 Nc5 16. Bd3 Rac8 17. Bb1 Rfe8 18. b4 Nd7 19. Ne2 Be7 20. a3 Nf6 21. Ned4 e5
22. Nf5 exf4 23. Qd4 b5 24. Nd2 bxc4 25. Rxc4 Qd7 26. Rxc8 Rxc8 27. Nc4 Rd8 28.
Rd1 g6 29. Nxe7+ Qxe7 30. e5 Ng4 31. Qxf4 Nxe5 32. Nxe5 dxe5 33. Re1 Rd1 34.
Qf1 Rxe1 35. Qxe1 Qg5 0-1

[Event "Open Section"]
[Site "Philadelphia, PA"]
[Date "2001.07.08"]
[Round "9"]
[White "Privman, Boris"]
[Black "Wall, Brian"]
[Result "1-0"]
[WhiteElo "2299"]
[BlackElo "2200"]
[PlyCount "125"]
[EventDate "2001.07"]

1. d4 c5 2. c3 e6 3. e4 d5 4. e5 Bd7 5. Nf3 Nc6 6. Be2 Nh6 7. O-O Nf5 8. Be3
Qb6 9. Qd2 Nxe3 10. fxe3 f6 11. exf6 gxf6 12. Ne1 Be7 13. Bh5+ Kd8 14. Nd3 c4
15. Nf4 Kc7 16. Bf3 Bd6 17. Na3 Ne7 18. Nc2 f5 19. b3 cxb3 20. axb3 Qxb3 21.
Rfb1 Qc4 22. Be2 Qc6 23. Bb5 Qxb5 24. Rxb5 Bxb5 25. Nxe6+ Kb6 26. Na3 Ba6 27.
Rb1+ Kc6 28. Qa2 Kd7 29. Nf4 Bxf4 30. exf4 Rhc8 31. Qd2 Ng6 32. c4 dxc4 33. Qa5
Ne7 34. Qa4+ Rc6 $2 35. Nxc4 Ke6 36. Re1+ Kf6 37. Ne3 Rd8 38. Qa5 Rd7 39. Rd1
Rcd6 40. Qe5+ Kg6 41. h3 h5 42. Rd2 b5 43. Qc5 Nd5 44. Nxd5 Rxd5 45. Qa3 Bb7
46. Qxa7 R5d6 47. Qc5 Be4 48. Qxb5 Kh7 49. Qe2 Kh6 50. Qe3 h4 51. Kh2 Rg6 52.
Qe1 Kh5 53. Qd1+ Kh6 54. Re2 Rdg7 55. Qd2 Kh7 56. d5 Rd7 57. Rxe4 fxe4 58. Qe1
Rxd5 59. Qxh4+ Kg8 60. Qe7 Rd2 61. Qxe4 Kh7 62. h4 Ra2 63. h5 1-0

[Event "Open Section"]
[Site "Philadelphia, PA"]
[Date "2001.07.08"]
[Round "9"]
[White "Rowley, Robert J"]
[Black "Van Buskirk, Charles"]
[Result "1/2-1/2"]
[WhiteElo "2302"]
[BlackElo "2365"]
[PlyCount "70"]
[EventDate "2001.07"]

1. e4 c5 2. Nf3 d6 3. d4 cxd4 4. Nxd4 Nf6 5. Nc3 Nc6 6. Bc4 e6 7. Be3 Be7 8.
Qe2 O-O 9. O-O-O a6 10. g4 Ne5 11. g5 Nfg4 12. Bb3 Nxe3 13. Qxe3 Bxg5 14. f4
Bh6 15. Kb1 Ng6 16. Nde2 e5 17. Qd3 exf4 18. Qxd6 Bh3 19. Qc5 Qh4 20. Nd4 Bg2
21. Nf5 Qh3 22. Rhg1 f3 23. Nxh6+ Qxh6 24. Rd7 Qxh2 25. Rxb7 Ne5 26. Rd1 Rac8
27. Qd6 Qh5 28. Nd5 Rfe8 29. Nc7 f2 30. Nxe8 Rxe8 31. Re7 Rf8 32. Rxe5 Qxd1+
33. Qxd1 f1=Q 34. Qxf1 Bxf1 35. Kc1 g6 1/2-1/2

[Event "Open Section"]
[Site "Philadelphia, PA"]
[Date "2001.07.08"]
[Round "9"]
[White "Rubenchik, Rodion"]
[Black "Adu, Oladapo"]
[Result "1/2-1/2"]
[WhiteElo "2366"]
[BlackElo "2253"]
[PlyCount "120"]
[EventDate "2001.07"]

1. Nf3 Nf6 2. c4 d6 3. Nc3 c5 4. d4 cxd4 5. Nxd4 g6 6. e4 Bg7 7. Be2 O-O 8. O-O
Bd7 9. Be3 Nc6 10. Qd2 Rc8 11. f3 Ne5 12. b3 Nc6 13. Rfd1 b6 14. Rac1 Nxd4 15.
Bxd4 Bc6 16. Nd5 Nd7 17. Bf2 Re8 18. Bf1 Rb8 19. b4 Ba4 20. Re1 Bc6 21. a3 Bb7
22. f4 a5 23. g3 axb4 24. axb4 Bc6 25. Bg2 Ra8 26. Re2 Ra3 27. e5 dxe5 28.
Nxe7+ Rxe7 29. Bxc6 Qc7 30. Bd5 Nf6 31. fxe5 Ng4 32. e6 f5 33. Bd4 Nxh2 34.
Bxg7 Qxg3+ 35. Kh1 Kxg7 36. Qd4+ Kg8 37. Rg1 Nf3 38. Rxg3 Nxd4 39. Rxa3 Nxe2
40. Ra8+ Kg7 41. b5 Nd4 42. Rb8 Nxe6 43. Rxb6 Nf4 44. Rd6 Re1+ 45. Kh2 Rb1 46.
Bf3 g5 47. b6 g4 48. Bd1 Kf7 49. Kg3 Ne6 50. Bc2 Rb4 51. Bxf5 Nc5 52. Rc6 Na4
53. c5 Nxc5 54. Rxc5 Rxb6 55. Bxh7 Kf6 56. Kxg4 Rb4+ 57. Kf3 Rh4 58. Bf5 Rh1
59. Be4 Rf1+ 60. Ke3 Rd1 1/2-1/2

[Event "Open Section"]
[Site "Philadelphia, PA"]
[Date "2001.07.08"]
[Round "9"]
[White "Ryerson, Britt N"]
[Black "Feuerstein, Arthur"]
[Result "0-1"]
[WhiteElo "2158"]
[BlackElo "2220"]
[PlyCount "84"]
[EventDate "2001.07"]

1. e4 c5 2. Nc3 e6 3. f4 a6 4. a4 Qc7 5. Bc4 Qxf4 6. Nf3 Qc7 7. O-O Nc6 8. d3
Nf6 9. Qe1 d6 10. Qg3 Bd7 11. Be3 h6 12. Rf2 O-O-O 13. Raf1 Be8 14. Bb3 Be7 15.
Ne1 Rh7 16. Nf3 g5 17. Nd2 Nd7 18. Ne2 Na5 19. Ba2 Ne5 20. d4 cxd4 21. Nxd4 Bd7
22. N2b3 Nac4 23. Bc1 Qb6 24. Kh1 Kb8 25. c3 h5 26. Rc2 h4 27. Qe1 h3 28. g3
Bxa4 29. Re2 Nd3 30. Qd1 Nc5 31. Ref2 f6 32. Bxg5 fxg5 33. Rf7 Rdh8 34. Rxh7
Rxh7 35. Nxc5 Qxb2 36. Qe2 Qxe2 37. Nxe2 Nd2 38. Nxa4 Nxf1 39. Bxe6 Rh6 40. Bd5
b5 41. Nb2 Rf6 42. Kg1 Ne3 0-1

[Event "Open Section"]
[Site "Philadelphia, PA"]
[Date "2001.07.08"]
[Round "9"]
[White "Shivaji, Shivku"]
[Black "Quan, Zhe"]
[Result "1-0"]
[WhiteElo "2211"]
[BlackElo "2008"]
[PlyCount "115"]
[EventDate "2001.07"]

1. e4 c6 2. d4 d5 3. exd5 cxd5 4. c4 Nf6 5. Nc3 g6 6. Qb3 Bg7 7. cxd5 O-O 8.
Nge2 Nbd7 9. g3 Nb6 10. Bg2 Qd7 11. O-O h6 12. a4 Rd8 13. Nf4 g5 14. a5 gxf4
15. axb6 fxg3 16. fxg3 a6 17. Bf4 e6 18. Bxh6 Bxh6 19. Rxf6 Bg7 20. Rf4 Qe7 21.
Raf1 Rf8 22. Kh1 Bd7 23. Ne4 exd5 24. Nf6+ Bxf6 25. Rxf6 Be6 26. Qe3 Rfd8 27.
Rh6 Kg7 28. Rh5 Rh8 29. Qe5+ f6 30. Rg5+ Kf7 31. Bxd5 Rae8 32. Rxf6+ Qxf6 33.
Rf5 Rh6 34. Rxf6+ Rxf6 35. Qh5+ Ke7 36. Bxe6 Rxe6 37. Qh7+ Kf6 38. Qxb7 Re1+
39. Kg2 R1e2+ 40. Kh3 Rh8+ 41. Kg4 Rxb2 42. Qc6+ Kf7 43. Qd7+ Kg6 44. b7 Rf2
45. b8=Q Rxb8 46. Qd6+ Kf7 47. Qxb8 Rxh2 48. Qb7+ Ke6 49. Qxa6+ Kd5 50. Qf6 Kc4
51. Qe5 Rd2 52. Qc5+ Kd3 53. d5 Ke4 54. d6 Rh2 55. d7 Rg2 56. Qc6+ Kd4 57. Qxg2
Ke3 58. Qf3+ 1-0

[Event "Open Section"]
[Site "Philadelphia, PA"]
[Date "2001.07.08"]
[Round "9"]
[White "Solon, Nathan W"]
[Black "Zimbeck, David"]
[Result "1-0"]
[WhiteElo "2219"]
[BlackElo "2044"]
[PlyCount "82"]
[EventDate "2001.07"]

1. d4 e6 2. c4 Nf6 3. Nc3 b6 4. a3 Bb7 5. Nf3 h6 6. e3 d5 7. cxd5 exd5 8. b4 a5
9. b5 Bd6 10. Bd3 O-O 11. O-O Re8 12. Qb3 Ne4 13. h3 Nxc3 14. Qxc3 Nd7 15. a4
Nf6 16. Ba3 Ne4 17. Qc2 Re6 18. Bxd6 cxd6 19. Rfc1 Rc8 20. Qb2 Rg6 21. Kh2 Qf6
22. Rc2 Re8 23. Rac1 Qe6 24. Rc7 Bc8 25. Ng1 Bd7 26. f3 Ng5 27. Bxg6 fxg6 28.
Qc3 Rf8 29. Rf1 Rf5 30. g4 Rf7 31. h4 Ne4 32. Qc1 Nf6 33. Qe1 Qe8 34. Rc3 Qe7
35. Kg2 g5 36. hxg5 hxg5 37. Qg3 Rf8 38. Rfc1 Nxg4 39. fxg4 Qe4+ 40. Kh2 Rf6
41. Nh3 Rh6 1-0

[Event "Open Section"]
[Site "Philadelphia, PA"]
[Date "2001.07.08"]
[Round "9"]
[White "Strenzwilk, Denis"]
[Black "Milman, Lev"]
[Result "1-0"]
[WhiteElo "2204"]
[BlackElo "2033"]
[PlyCount "79"]
[EventDate "2001.07"]

1. e4 c5 2. Nf3 d6 3. d4 cxd4 4. Nxd4 Nf6 5. Nc3 g6 6. Be2 Bg7 7. O-O O-O 8.
Kh1 Nc6 9. Nb3 a5 10. a4 Be6 11. f4 Bxb3 12. cxb3 e6 13. Be3 Nb4 14. f5 Qe7 15.
Rc1 exf5 16. Bf4 Nxe4 17. Nxe4 Qxe4 18. Rc4 Qe6 19. Bf3 Bxb2 20. Bxb7 Rad8 21.
Qd2 Be5 22. Bg5 Rb8 23. Bf3 Rbc8 24. Rfc1 Rxc4 25. bxc4 Rc8 26. Qe2 Qd7 27. Qe1
Na2 28. Ra1 Bxa1 29. Qxa1 Qe6 30. Bd5 Qe5 31. Qf1 Nc3 32. Bf4 Qd4 33. Bxd6 Nxd5
34. cxd5 Qe3 35. Bf4 Rc1 36. Qxc1 Qe8 37. d6 Qxa4 38. h3 Qb5 39. Bh6 Qe8 40.
Qe3 1-0

[Event "Open Section"]
[Site "Philadelphia, PA"]
[Date "2001.07.08"]
[Round "9"]
[White "Van Delft, Meryn"]
[Black "Bengtson, Matthew"]
[Result "0-1"]
[WhiteElo "2386"]
[BlackElo "2284"]
[PlyCount "98"]
[EventDate "2001.07"]

1. e4 c5 2. Nf3 e6 3. d4 cxd4 4. Nxd4 a6 5. Bd3 Bc5 6. Nb3 Be7 7. Qg4 g6 8. Nc3
d6 9. O-O Nd7 10. f4 Ngf6 11. Qh3 h5 12. Kh1 Qc7 13. Be3 b6 14. Nd4 Nc5 15. e5
Ng4 16. Bg1 Bb7 17. Rae1 dxe5 18. fxe5 Nxd3 19. cxd3 Nxe5 20. Ndb5 axb5 21.
Nxb5 Qd7 22. Rxe5 Ra5 23. a4 Rxa4 24. Bxb6 O-O 25. Nc3 Rb4 26. Bc5 Bxc5 27.
Rxc5 Rxb2 28. Ne4 Bxe4 29. dxe4 Qd4 30. Qc3 Qxc3 31. Rxc3 Rd8 32. h3 Rdd2 33.
Rc7 Rf2 34. Rxf2 Rxf2 35. Kg1 Rf4 36. e5 Rf5 37. Rc5 h4 38. Rc4 g5 39. Re4 Kg7
40. g3 hxg3 41. Kg2 Rf4 42. Re3 Kg6 43. Kxg3 Kf5 44. Re1 g4 45. hxg4+ Rxg4+ 46.
Kf3 Rf4+ 47. Kg3 Re4 48. Rf1+ Kg6 49. Rg1 Rxe5 0-1

[Event "Open Section"]
[Site "Philadelphia, PA"]
[Date "2001.07.08"]
[Round "9"]
[White "Weeramantry, Sunil"]
[Black "Paschall, William"]
[Result "0-1"]
[WhiteElo "2200"]
[BlackElo "2448"]
[PlyCount "52"]
[EventDate "2001.07"]

1. e4 c5 2. Nc3 Nc6 3. f4 g6 4. Nf3 Bg7 5. Bc4 e6 6. f5 Nge7 7. fxe6 dxe6 8. d3
O-O 9. O-O h6 10. Qe1 Nd4 11. Qh4 Nec6 12. Qh3 Nxf3+ 13. gxf3 Kh7 14. Kh1 Na5
15. Bb3 b6 16. Be3 Ba6 17. Rg1 c4 18. dxc4 Nxc4 19. Rad1 Nxe3 20. Rxd8 Raxd8
21. Qg3 Rd2 22. Qf4 Bd4 23. e5 g5 24. Qe4+ Kh8 25. Nb1 Nd1 26. Nxd2 Nf2+ 0-1

[Event "Open Section"]
[Site "Philadelphia, PA"]
[Date "2001.07.08"]
[Round "9"]
[White "Whitney, Jeremy"]
[Black "Wright, William B"]
[Result "1/2-1/2"]
[WhiteElo "2014"]
[BlackElo "2200"]
[PlyCount "45"]
[EventDate "2001.07"]

1. e4 e6 2. Nf3 d5 3. Nc3 Nf6 4. exd5 exd5 5. d4 Bf5 6. Bd3 Bxd3 7. Qxd3 c6 8.
O-O Be7 9. Ne2 O-O 10. Ng3 Re8 11. Re1 Nbd7 12. Bd2 Qb6 13. c3 Bf8 14. Qf5 g6
15. Qh3 Bg7 16. Bh6 Nf8 17. Qh4 Rxe1+ 18. Rxe1 Re8 19. Rxe8 Nxe8 20. Bxg7 Nxg7
21. Qe7 Nge6 22. h4 Qc7 23. Qxc7 1/2-1/2

[Event "Open Section"]
[Site "Philadelphia, PA"]
[Date "2001.07.08"]
[Round "9"]
[White "Zaitshik, Gennadi"]
[Black "Bereolos, Peter"]
[Result "1-0"]
[WhiteElo "2568"]
[BlackElo "2366"]
[PlyCount "51"]
[EventDate "2001.07"]

1. e4 e5 2. Nf3 Nc6 3. d4 exd4 4. Nxd4 Nf6 5. Nxc6 bxc6 6. e5 Qe7 7. Qe2 Nd5 8.
c4 Qb4+ 9. Nd2 Nf4 10. Qe3 Ne6 11. Bd3 Qb6 12. Qg3 Bb7 13. O-O Bc5 14. b4 Bxb4
15. Rb1 Qa5 16. Nb3 Qa4 17. Be3 Ba6 18. Nd4 O-O-O 19. Nf5 d5 20. exd6 Bxd6 21.
Nxd6+ Rxd6 22. Bf5 g6 23. Bc5 Rd7 24. Rb4 Qd1 25. Bxe6 fxe6 26. Qa3 1-0